Statistiques concernant Toutes les communes de l'Aisne sur une carte

Cliquez ici pour prendre le quiz!

Statistiques générales

  • Ce quiz a été pris 128 fois
  • Le résultat moyen est 71 sur 798

Réponses sur la Carte

Les réponses sont colorées sur une échelle allant du rouge au vert en fonction du pourcentage des utilisateurs qui les ont devinées à leur premier essai. Vous pouvez retrouver ces pourcentages ci-dessous.
 

Statistiques - réponses

PopulationCommune% Correct
53 100Saint-Quentin
97%
24 091Laon
96%
28 888Soissons
91%
15 306Château-Thierry
79%
82Ville-Savoye
68%
2 600Vervins
63%
68Villers-Agron-Aiguizy
60%
10 392Villers-Cotterêts
60%
203Villers-Hélon
60%
161Villers-lès-Guise
60%
427Villers-Saint-Christophe
60%
535Villers-sur-Fère
60%
11 438Chauny
59%
8 685Hirson
57%
13 504Tergnier
55%
2 845La Fère
48%
827Mont-d'Origny
47%
737Mont-Notre-Dame
47%
73Mont-Saint-Jean
47%
71Mont-Saint-Martin
47%
692Mont-Saint-Père
47%
4 559Guise
41%
513La Ferté-Chevresis
41%
2 055La Ferté-Milon
41%
368Saint-Paul-aux-Bois
39%
196Coucy-la-Ville
36%
992Coucy-le-Château-Auffrique
36%
627Coucy-lès-Eppes
36%
2 970Fère-en-Tardenois
36%
2 219Marle
33%
3 279Saint-Michel
32%
335Saint-Pierre-Aigle
32%
45Saint-Pierre-lès-Franqueville
32%
2 062Sissonne
32%
1 798Crépy
31%
1 604Vic-sur-Aisne
31%
5 703Bohain-en-Vermandois
29%
329Crécy-au-Mont
29%
1 499Crécy-sur-Serre
29%
255Parcy-et-Tigny
29%
136Belleau
28%
3 762Belleu
28%
5 216Gauchy
28%
1 772La Capelle
28%
1 883Bucy-le-Long
27%
192Bucy-lès-Cerny
27%
403Bucy-lès-Pierrepont
27%
2 549Villeneuve-Saint-Germain
27%
2 780Villeneuve-sur-Aisne
27%
300Villeneuve-sur-Fère
27%
271Chamouille
25%
233Fontaine-lès-Clercs
25%
892Fontaine-lès-Vervins
25%
383Fontaine-Notre-Dame
25%
138Fontaine-Uterte
25%
187La Neuville-Bosmont
25%
188La Neuville-en-Beine
25%
66La Neuville-Housset
25%
382La Neuville-lès-Dorengt
25%
2 531Le Nouvion-en-Thiérache
25%
2 597Athies-sous-Laon
24%
487Marly-Gomont
24%
302Montigny-en-Arrouaise
24%
269Montigny-l'Allier
24%
136Montigny-le-Franc
24%
702Montigny-Lengrain
24%
53Montigny-lès-Condé
24%
69Montigny-sous-Marle
24%
295Montigny-sur-Crécy
24%
2 587Anizy-le-Grand
23%
849Neuville-Saint-Amand
23%
120Neuville-sur-Ailette
23%
110Neuville-sur-Margival
23%
108Saint-Martin-Rivière
23%
691Condé-en-Brie
21%
361Condé-sur-Aisne
21%
310Condé-sur-Suippe
21%
1 101Vermand
21%
687Berry-au-Bac
20%
834Chambry
20%
684Fayet
20%
281Grandlup-et-Fay
20%
2 095Nogent-l'Artaud
20%
1 409Origny-en-Thiérache
20%
1 660Origny-Sainte-Benoite
20%
284Tugny-et-Pont
20%
1 161Villiers-Saint-Denis
20%
1 380Aulnois-sous-Laon
19%
381Chéry-Chartreuve
19%
726Chéry-lès-Pouilly
19%
85Chéry-lès-Rozoy
19%
483Nouvion-et-Catillon
19%
245Nouvion-le-Comte
19%
147Nouvion-le-Vineux
19%
959Wassigny
19%
2 232Braine
17%
84Craonne
17%
2 958Crouy
17%
118Ly-Fontaine
17%
203Nanteuil-la-Fosse
17%
74Nanteuil-Notre-Dame
17%
2 055Neuilly-Saint-Front
17%
124Pont-Arcy
17%
202Pont-Saint-Mard
17%
1 914Ribemont
17%
2 017Vailly-sur-Aisne
17%
194Bois-lès-Pargny
16%
2 585Charly-sur-Marne
16%
1 877Courmelles
16%
1 660Flavy-le-Martel
16%
299Grand-Rozoy
16%
1 291Montcornet
16%
124Oulchy-la-Ville
16%
816Oulchy-le-Château
16%
172Viel-Arcy
16%
1 688Viry-Noureuil
16%
949Couvron-et-Aumencourt
15%
2 946Fresnoy-le-Grand
15%
322Monceau-le-Neuf-et-Faucouzy
15%
445Monceau-lès-Leups
15%
223Monceau-le-Waast
15%
127Monceau-sur-Oise
15%
983Moÿ-de-l'Aisne
15%
262Pargny-Filain
15%
169Pargny-la-Dhuys
15%
136Pargny-les-Bois
15%
340Pierrepont
15%
1 668Pinon
15%
507Pouilly-sur-Serre
15%
1 711Saint-Erme-Outre-et-Ramecourt
15%
568Septmonts
15%
571Urcel
15%
906Vaux-Andigny
15%
154Vaux-en-Vermandois
15%
1 146Billy-sur-Aisne
13%
203Billy-sur-Ourcq
13%
810Bourg-et-Comin
13%
1 447Bruyères-et-Montbérault
13%
191Bruyères-sur-Fère
13%
62Cerny-en-Laonnois
13%
116Cerny-lès-Bucy
13%
1 797Cuffies
13%
1 331Étampes-sur-Marne
13%
1 567Harly
13%
1 360Holnon
13%
1 007Itancourt
13%
473La Bouteille
13%
1 270Liesse-Notre-Dame
13%
1 151Mons-en-Laonnois
13%
122Rozoy-Bellevalle
13%
975Rozoy-sur-Serre
13%
2 304Saint-Gobain
13%
400Vierzy
13%
674Vivaise
13%
188Bouconville-Vauclair
12%
55Brie
12%
822Dhuys et Morin-en-Brie
12%
432Eppes
12%
1 274Grugies
12%
1 196Les Septvallons
12%
480Mesnil-Saint-Laurent
12%
108Muret-et-Crouttes
12%
691Prémont
12%
223Saint-Rémy-Blanzy
12%
475Sissy
12%
1 019Acy
11%
815Autreville
11%
557Barenton-Bugny
11%
108Barenton-Cel
11%
131Barenton-sur-Serre
11%
2 718Beautor
11%
1 558Brasles
11%
237Breny
11%
854Buire
11%
385Chézy-en-Orxois
11%
1 336Chézy-sur-Marne
11%
1 268Coincy
11%
842Corbeny
11%
114Craonnelle
11%
1 250Crézancy
11%
101Cuiry-Housse
11%
72Cuiry-lès-Chaudardes
11%
27Cuiry-lès-Iviers
11%
1 045Essigny-le-Grand
11%
349Essigny-le-Petit
11%
206Étouvelles
11%
1 441Homblières
11%
1 088La Flamengrie
11%
241Laval-en-Laonnois
11%
348Molinchart
11%
1 374Montreuil-aux-Lions
11%
420Neufchâtel-sur-Aisne
11%
353Parfondru
11%
637Prémontré
11%
505Rouvroy
11%
37Rouvroy-sur-Serre
11%
627Saint-Simon
11%
104Surfontaine
11%
126Verneuil-sous-Coucy
11%
260Verneuil-sur-Serre
11%
401Arcy-Sainte-Restitue
9%
327Besny-et-Loizy
9%
255Bézu-le-Guéry
9%
1 003Bézu-Saint-Germain
9%
1 306Blérancourt
9%
651Brissy-Hamégicourt
9%
1 148Buironfosse
9%
1 655Charmes
9%
346Chevresis-Monceau
9%
306Clacy-et-Thierret
9%
104Clermont-les-Fermes
9%
365Coyolles
9%
2 730Essômes-sur-Marne
9%
534Évergnicourt
9%
683Festieux
9%
1 252Jussy
9%
208Laniscourt
9%
389Marchais
9%
366Margival
9%
95Missy-aux-Bois
9%
106Missy-lès-Pierrepont
9%
620Missy-sur-Aisne
9%
1 106Ognes
9%
679Pernant
9%
386Presles-et-Thierny
9%
1 018Sains-Richaumont
9%
121Saint-Nicolas-aux-Bois
9%
383Samoussy
9%
267Seringes-et-Nesles
9%
2 013Sinceny
9%
1 363Venizel
9%
261Veslud
9%
1 159Ambleny
8%
390Amifontaine
8%
532Bazoches-et-Saint-Thibaut
8%
448Brunehamel
8%
775Cessières-Suzy
8%
365Chacrise
8%
888Chassemy
8%
251Chaudun
8%
511Chivy-lès-Étouvelles
8%
597Clastres
8%
640Crouttes-sur-Marne
8%
724Dizy-le-Gros
8%
1 377Folembray
8%
438Gland
8%
344Hartennes-et-Taux
8%
417Lemé
8%
244Longpont
8%
235Maissemy
8%
527Marigny-en-Orxois
8%
532Mézy-Moulins
8%
1 608Montescourt-Lizerolles
8%
566Morcourt
8%
1 100Nogentel
8%
711Omissy
8%
320Paars
8%
193Parpeville
8%
741Pommiers
8%
188Reuilly-Sauvigny
8%
239Roupy
8%
597Séry-lès-Mézières
8%
336Terny-Sorny
8%
785Vauxbuin
8%
462Versigny
8%
374Vorges
8%
382Aguilcourt
7%
171Allemant
7%
455Any-Martin-Rieux
7%
210Assis-sur-Serre
7%
659Aubenton
7%
740Barisis-aux-Bois
7%
180Beaumont-en-Beine
7%
851Beaurieux
7%
871Bernoy-le-Château
7%
183Berrieux
7%
469Blesmes
7%
378Bonneil
7%
1 331Boué
7%
321Brécy
7%
251Castres
7%
302Champs
7%
345Chivres-en-Laonnois
7%
523Chivres-Val
7%
290Corcy
7%
608Cugny
7%
437Dallon
7%
154Dorengt
7%
850Étréaupont
7%
118Filain
7%
124Fleury
7%
288Fontenelle
7%
108Franqueville
7%
250Froidmont-Cohartille
7%
262Gercy
7%
183Landouzy-la-Cour
7%
535Landouzy-la-Ville
7%
366La Vallée-au-Blé
7%
138La Vallée-Mulâtre
7%
158Marcy
7%
206Marcy-sous-Marle
7%
229Mareuil-en-Dôle
7%
964Mercin-et-Vaux
7%
316Mesbrecourt-Richecourt
7%
1 216Nesles-la-Montagne
7%
165Oigny-en-Valois
7%
500Orainville
7%
138Parfondeval
7%
1 067Pasly
7%
762Pavant
7%
192Pleine-Selve
7%
155Renansart
7%
225Rozières-sur-Crise
7%
201Saconin-et-Breuil
7%
442Saint-Christophe-à-Berry
7%
67Sainte-Geneviève
7%
74Saint-Thomas
7%
118Silly-la-Poterie
7%
552Tavaux-et-Pontséricourt
7%
934Trélou-sur-Marne
7%
929Vendeuil
7%
191Villemontoire
7%
245Villers-le-Sec
7%
531Alaincourt
5%
721Amigny-Rouy
5%
308Anguilcourt-le-Sart
5%
101Armentières-sur-Ourcq
5%
367Artemps
5%
351Attilly
5%
176Autreppes
5%
379Azy-sur-Marne
5%
64Bagneux
5%
379Bellenglise
5%
751Beuvardes
5%
726Brancourt-en-Laonnois
5%
554Brancourt-le-Grand
5%
67Bray-Saint-Christophe
5%
183Brumetz
5%
151Bussiares
5%
96Celles-lès-Condé
5%
256Celles-sur-Aisne
5%
527Chaourse
5%
835Chavignon
5%
1 146Chierry
5%
370Chouy
5%
900Ciry-Salsogne
5%
530Clairfontaine
5%
449Cœuvres-et-Valsery
5%
61Contescourt
5%
304Courboin
5%
340Courcelles-sur-Vesle
5%
83Courchamps
5%
71Cuissy-et-Geny
5%
357Cuisy-en-Almont
5%
372Dammard
5%
297Dommiers
5%
635Domptin
5%
77Droizy
5%
413Essises
5%
1 454Étreux
5%
467Fontenoy
5%
434Fourdrain
5%
546Francilly-Selency
5%
177Froidestrées
5%
695Gandelu
5%
654Gizy
5%
56Goudelancourt-lès-Berrieux
5%
138Goudelancourt-lès-Pierrepont
5%
563Gouy
5%
146Happencourt
5%
193Hary
5%
225Iron
5%
281Juvigny
5%
615Juvincourt-et-Damary
5%
298La Chapelle-sur-Chézy
5%
91La Croix-sur-Ourcq
5%
191Laigny
5%
242Largny-sur-Automne
5%
100Launoy
5%
208La Ville-aux-Bois-lès-Dizy
5%
145La Ville-aux-Bois-lès-Pontavert
5%
184Le Catelet
5%
853Lehaucourt
5%
198Le Hérie-la-Viéville
5%
252L'Épine-aux-Bois
5%
830Lesdins
5%
378Liez
5%
219Lislet
5%
138Lor
5%
181Louâtre
5%
206Lucy-le-Bocage
5%
122Magny-la-Fosse
5%
394Mennessis
5%
259Merlieux-et-Fouquerolles
5%
124Monampteuil
5%
762Montaigu
5%
223Mortefontaine
5%
613Neuve-Maison
5%
328Osly-Courtil
5%
129Passy-en-Valois
5%
137Passy-sur-Marne
5%
190Pignicourt
5%
84Ploisy
5%
468Plomion
5%
55Priez
5%
56Quincy-Basse
5%
61Quincy-sous-le-Mont
5%
784Ressons-le-Long
5%
309Rocourt-Saint-Martin
5%
106Rogécourt
5%
498Romeny-sur-Marne
5%
276Saponay
5%
704Saulchery
5%
285Serches
5%
361Sermoise
5%
137Sommeron
5%
272Taillefontaine
5%
568Trosly-Loire
5%
689Urvillers
5%
561Vendhuile
5%
1 214Viels-Maisons
5%
270Vigneux-Hocquet
5%
111Vincy-Reuil-et-Magny
5%
493Wimy
5%
73Ambrief
4%
215Andelain
4%
359Annois
4%
254Aubigny-aux-Kaisnes
4%
102Aubigny-en-Laonnois
4%
70Augy
4%
174Autremencourt
4%
587Bellicourt
4%
441Bernot
4%
650Berny-Rivière
4%
999Bichancourt
4%
94Blanzy-lès-Fismes
4%
216Bonnesvalyn
4%
138Bony
4%
186Bosmont-sur-Serre
4%
98Bouffignereux
4%
193Bouresches
4%
105Bourguignon-sous-Coucy
4%
158Bourguignon-sous-Montbavin
4%
196Brenelle
4%
200Buzancy
4%
87Cerseuil
4%
258Chalandry
4%
84Châtillon-lès-Sons
4%
124Châtillon-sur-Oise
4%
145Chigny
4%
228Clamecy
4%
262Concevreux
4%
702Condren
4%
442Coulonges-Cohan
4%
154Coupru
4%
34Courbes
4%
120Courmont
4%
346Courtemont-Varennes
4%
186Couvrelles
4%
198Croix-Fonsomme
4%
156Cuirieux
4%
208Deuillet
4%
316Effry
4%
115Englancourt
4%
552Épaux-Bézu
4%
408Épieds
4%
861Esquéhéries
4%
410Estrées
4%
250Fieulaine
4%
500Fonsomme
4%
512Fossoy
4%
271Fresnes-en-Tardenois
4%
163Fresnes-sous-Coucy
4%
981Frières-Faillouël
4%
113Goussancourt
4%
234Grisolles
4%
70Gronard
4%
374Guny
4%
568Haramont
4%
177Hauteville
4%
133Haution
4%
165Housset
4%
126La Hérie
4%
272Lappion
4%
223Lerzy
4%
268Leschelle
4%
99Lesges
4%
173Le Sourd
4%
426Leuilly-sous-Coucy
4%
103Leury
4%
541Levergies
4%
74Licy-Clignon
4%
277Luzoir
4%
148Maast-et-Violaine
4%
369Marest-Dampcourt
4%
433Martigny
4%
136Martigny-Courpierre
4%
404Mauregny-en-Haye
4%
669Mennevret
4%
511Mézières-sur-Oise
4%
1 043Mondrepuis
4%
42Montbavin
4%
207Montfaucon
4%
301Montlevon
4%
461Morsain
4%
78Moulins
4%
104Nampteuil-sous-Muret
4%
190Neuvillette
4%
247Nizy-le-Comte
4%
293Œuilly
4%
275Ohis
4%
476Oisy
4%
86Oulches-la-Vallée-Foulon
4%
117Papleux
4%
67Pargnan
4%
253Pierremande
4%
603Pontavert
4%
272Pontru
4%
357Pontruet
4%
336Prouvais
4%
218Puiseux-en-Retz
4%
85Raillimont
4%
291Remaucourt
4%
238Remies
4%
340Retheuil
4%
394Roucy
4%
328Rozet-Saint-Albin
4%
283Saint-Aubin
4%
254Saint-Bandry
4%
134Sainte-Croix
4%
238Saint-Eugène
4%
151Saint-Gengoulph
4%
115Saint-Mard
4%
605Savy
4%
1 082Seboncourt
4%
179Septvaux
4%
729Seraucourt-le-Grand
4%
42Serval
4%
211Sons-et-Ronchères
4%
260Sorbais
4%
265Soupir
4%
117Thiernu
4%
70Torcy-en-Valois
4%
216Troësnes
4%
186Ugny-le-Gay
4%
211Variscourt
4%
219Vasseny
4%
530Vauxaillon
4%
39Vauxtin
4%
451Verdilly
4%
156Veuilly-la-Poterie
4%
86Vichel-Nanteuil
4%
313Viffort
4%
661Villequier-Aumont
4%
378Watigny
4%
186Wiège-Faty
4%
173Wissignicourt
4%
602Achery
3%
260Aisonville-et-Bernoville
3%
299Aizy-Jouy
3%
283Audigny
3%
24Bancigny
3%
320Barzy-en-Thiérache
3%
209Bergues-sur-Sambre
3%
592Bertaucourt-Epourdon
3%
194Berthenicourt
3%
110Beugneux
3%
34Bieuxy
3%
261Boncourt
3%
19Bruys
3%
198Bucilly
3%
447Caillouël-Crépigny
3%
457Camelin
3%
545Caumont
3%
177Chaillevois
3%
207Chavonne
3%
113Chevennes
3%
185Chevregny
3%
65Cierges
3%
179Cilly
3%
64Coingt
3%
75Colonfay
3%
217Commenchon
3%
74Courtrizy-et-Fussigny
3%
63Crupilly
3%
155Cys-la-Commune
3%
390Dampleux
3%
654Danizy
3%
114Dhuizel
3%
93Dohis
3%
164Douchy
3%
199Dury
3%
343Épagny
3%
285Erlon
3%
104Erloy
3%
123Étrépilly
3%
489Fesmy-le-Sart
3%
444Flavigny-le-Grand-et-Beaurain
3%
212Fluquières
3%
179Fressancourt
3%
130Gergny
3%
137Grand-Verly
3%
945Gricourt
3%
321Grougis
3%
238Guivry
3%
254Guyencourt
3%
326Hannapes
3%
242Harcigny
3%
590Hargicourt
3%
160Hautevesnes
3%
57Houry
3%
221Iviers
3%
212Jeantes
3%
139Jumencourt
3%
152Laffaux
3%
404La Malmaison
3%
257Landifay-et-Bertaignemont
3%
131Landricourt
3%
200Latilly
3%
201Lavaqueresse
3%
159Laversine
3%
69Le Plessier-Huleu
3%
173Leuze
3%
221Le Verguier
3%
140Lhuys
3%
190Limé
3%
82Logny-lès-Aubenton
3%
90Loupeigne
3%
404Maizy
3%
196Malzy
3%
295Manicamp
3%
87Marfontaine
3%
131Marizy-Sainte-Geneviève
3%
50Marizy-Saint-Mard
3%
219Mayot
3%
807Montbrehain
3%
197Montgobert
3%
31Montgru-Saint-Hilaire
3%
125Moussy-Verneuil
3%
80Neuflieux
3%
163Noyales
3%
174Ollezy
3%
57Orgeval
3%
77Paissy
3%
144Petit-Verly
3%
341Presles-et-Boves
3%
96Prisces
3%
272Proisy
3%
322Puisieux-et-Clanlieu
3%
409Quierzy
3%
146Ramicourt
3%
346Remigny
3%
111Renneval
3%
146Ronchères
3%
234Rougeries
3%
245Royaucourt-et-Chailvet
3%
150Saint-Algis
3%
49Saint-Clément
3%
76Sainte-Preuve
3%
102Sancy-les-Cheminots
3%
214Sequehart
3%
141Sergy
3%
290Servais
3%
97Soize
3%
61Sommelans
3%
175Sommette-Eaucourt
3%
79Soucy
3%
17Tannières
3%
166Tartiers
3%
221Thenailles
3%
540Thenelles
3%
117Toulis-et-Attencourt
3%
521Vadencourt
3%
573Vallées en Champagne
3%
237Vaucelles-et-Beffecourt
3%
321Vauxrezis
3%
119Vendelles
3%
137Vendières
3%
94Vendresse-Beaulne
3%
220Vénérolles
3%
239Vesles-et-Caumont
3%
397Vivières
3%
75Voharies
3%
348Voulpaix
3%
41Vuillery
3%
505Abbécourt
1%
185Agnicourt-et-Séchelles
1%
120Aizelles
1%
74Ancienville
1%
82Archon
1%
49Arrancy
1%
254Aubencheul-aux-Bois
1%
122Audignicourt
1%
391Barzy-sur-Marne
1%
132Bassoles-Aulers
1%
87Beaumé
1%
1 411Beaurevoir
1%
255Beauvois-en-Vermandois
1%
245Becquigny
1%
193Benay
1%
85Berlancourt
1%
105Berlise
1%
153Bertricourt
1%
164Besmé
1%
147Besmont
1%
432Béthancourt-en-Vaux
1%
88Bièvres
1%
129Braye
1%
186Braye-en-Laonnois
1%
142Braye-en-Thiérache
1%
299Brissay-Choigny
1%
128Burelles
1%
140Caulaincourt
1%
60Cerizy
1%
359Chartèves
1%
90Chaudardes
1%
164Chavigny
1%
141Chérêt
1%
110Chermizy-Ailles
1%
219Colligis-Crandelain
1%
342Connigis
1%
145Cramaille
1%
128Cutry
1%
130Dagny-Lambercy
1%
389Dercy
1%
44Dolignon
1%
129Dravegny
1%
192Ébouleau
1%
30Éparcy
1%
551Étaves-et-Bocquiaux
1%
1 187Étreillers
1%
332Faverolles
1%
159Foreste
1%
82Germaine
1%
40Gibercourt
1%
79Grandrieux
1%
26Hinacourt
1%
666Jaulgonne
1%
260Jeancourt
1%
317Joncourt
1%
139Jouaignes
1%
63Jumigny
1%
37Lanchy
1%
206La Selve
1%
327Le Charmel
1%
120Lempire
1%
60Les Autels
1%
802Lesquielles-Saint-Germain
1%
156Le Thuel
1%
123Lierval
1%
125Lugny
1%
117Mâchecourt
1%
64Macogny
1%
361Macquigny
1%
55Meurival
1%
158Molain
1%
98Monnes
1%
97Montchâlons
1%
152Monthenault
1%
153Monthiers
1%
146Monthurel
1%
188Montloué
1%
102Morgny-en-Thiérache
1%
180Mortiers
1%
47Muscourt
1%
113Nampcelles-la-Cour
1%
699Nauroy
1%
77Noircourt
1%
128Noroy-sur-Ourcq
1%
206Nouvron-Vingré
1%
91Ostel
1%
53Pancy-Courtecon
1%
82Pithon
1%
21Ployart-et-Vaurseine
1%
142Proix
1%
126Proviseux-et-Plesnoy
1%
200Regny
1%
166Résigny
1%
59Ribeauville
1%
359Rocquigny
1%
103Rogny
1%
83Romery
1%
280Saint-Gobert
1%
41Saint-Pierremont
1%
234Selens
1%
406Serain
1%
658Travecy
1%
84Trefcon
1%
143Trucy
1%
327Tupigny
1%
150Vassens
1%
90Vassogne
1%
236Vaudesson
1%
116Vézaponin
1%
187Vézilly
1%
282Villeret
1%
306Voyenne
1%
92Vregny
1%

Distribution des résultats

Percentile par nombre de réponses

% des personnes avec chaque résultat

Votre développement - résultats

Vous n’avez pas pris ce quiz